|
|
|
|
| LEADER |
01544nam a2200325 a 4500 |
| 001 |
1053 |
| 003 |
BD-DhAAL |
| 005 |
20130819151115.0 |
| 008 |
130819r19831981ii b 101 0 eng d |
| 010 |
|
|
|a 81905813
|
| 040 |
|
|
|a DLC
|c DLC
|d DLC
|d BD-DhAAL
|
| 050 |
0 |
0 |
|a H62.A3
|b P37 1981
|
| 082 |
0 |
0 |
|a 300/.72054
|2 19
|
| 245 |
0 |
0 |
|a Participatory research and evaluation :
|b experiments in research as a process of liberation /
|c edited by Walter Fernandes and Rajesh Tandon.
|
| 260 |
|
|
|a New Delhi :
|b Indian Social Institute,
|c 1981.
|
| 300 |
|
|
|a xii, 213 p. ;
|c 22 cm.
|
| 500 |
|
|
|a Revised versions of selected papers presented at the Workshop on Participatory Evaluation, Ranchi, 1981, organized by Indian Social Institute, New Delhi and Xavier Institute of Social Service, Ranchi.
|
| 504 |
|
|
|a Includes and bibliography (p. 202-205).
|
| 541 |
|
|
|e 1053
|
| 650 |
|
0 |
|a Social sciences
|x Research
|x Congresses.
|9 2690
|
| 650 |
|
0 |
|a Social participation
|x Congresses.
|9 2691
|
| 650 |
|
0 |
|a Social participation
|z India
|x Case studies
|x Congresses.
|9 2692
|
| 700 |
1 |
|
|a Fernandes, Walter,
|d 1939-
|9 2693
|
| 700 |
1 |
|
|a Tandon, Rajesh.
|9 2694
|
| 710 |
2 |
|
|a Indian Social Institute.
|9 2695
|
| 710 |
2 |
|
|a Xavier Institute of Social Service (Ranchi, India)
|9 2696
|
| 711 |
2 |
|
|a Workshop on Participatory Evaluation
|d (1981 :
|c Ranchi, India)
|9 2697
|
| 942 |
|
|
|2 ddc
|c BK
|
| 999 |
|
|
|c 13863
|d 13863
|
| 952 |
|
|
|0 0
|1 0
|2 ddc
|4 0
|6 300_720540000000000_PAR
|7 0
|9 23194
|a BRACUL
|b BRACUL
|c GEN
|d 2013-08-19
|g 400.00
|l 1
|m 6
|o 300.72054 PAR
|p 3010001053
|r 2019-02-11
|s 2019-01-16
|t 1
|w 2013-08-19
|y BK
|